000 00312 a2200145 4500
001 160449
020 _a
040 _cMagnum
100 _aGuimaraes, Susana Azevedo de Franca
240 1 0 _aO amiguinho de jesus
_lpor
245 1 0 _aO amiguinho de jesus
362 0 _a1899
697 _aI/GERAL
942 _cBK
999 _c160449
_d160449